00845cam a2200217 a 45000010009000000050017000090080041000260200018000670500029000852450109001142500013002232600037002363000027002736500030003007000018003307000022003488560091003709420025004619990015004869520126005011704497920250207164449.0111114s2010 nju 000 0 eng  a978047048137000aRC454b.A243 2010 Suppl.00aStudy guide to accompany Abnormal psychology /bAnn M. Kring ... [et al.] ; prepared by Douglas Hindman. a11th ed. aHoboken, NJ :bJ. Wiley,cc2010. axvii, 230 p. ;c29 cm. 0aPsychology, Pathological.1 aKring, Ann M.1 aHindman, Douglas.423Publisher descriptionuhttp://www.loc.gov/catdir/enhancements/fy1203/2011293788-d.html 2lcccBKe11th ed.n0 c3561d3561 00102lcc40708NFICaMSLbMSLcGENd2025-02-07l0oRC454 .A243 ABNpSLM00002995r2025-02-07 16:45:43t1w2025-02-07yBK